| 000 | 00875cab a2200253 4500 | ||
|---|---|---|---|
| 001 | WB2822-43 | ||
| 008 | 090401t1992 xxu||||| |||| 00| 0 eng d | ||
| 035 | _a(Sirsi) u26598 | ||
| 041 | _aeng | ||
| 245 | _aBreach of covenant | ||
| 260 | _c1992 | ||
| 350 | _a0 | ||
| 490 |
_aEstates Gazette _v(9221) 30 May 1992, 119(1) |
||
| 520 | _aDiscusses "Hagee (London) Ltd v Co-operative Insurance Society Ltd" (Abs 45933) which concerned wrongful reentry of premises by a landlord. | ||
| 650 | _aBUILT ENVIRONMENT-BUILDING ELEMENTS-COMPLETE BUILDING SERVICES ELEMENTS-COMPLETE HEATING, VENTILATION AND AIR CONDITIONING SYSTEMS | ||
| 650 | _aBREACH OF COVENANT | ||
| 650 | _aFORFEITURE | ||
| 650 | _aLEASES | ||
| 650 | _aRELIEF FROM FORFEITURE | ||
| 650 | _aWRONGFUL REENTRY | ||
| 690 | _aLANDLORD AND TENANT-BUSINESS TENANCIES | ||
| 942 | _n0 | ||
| 948 | _c04/03/1997 | ||
| 999 |
_c17888 _d17888 |
||